000 00694nam a2200289Ia 4500
005 20260324140436.0
008 008 260324s9999 xx 000 0 eng d
020 _a9781315809762
037 _aEBOOK
040 _aCRL
040 _beng
040 _cCRL
041 _2eng
041 _aeng
084 _qCRL
100 _aEllen Cole; Esther D Rothblum; Janet M Wright
_91204403
245 0 _aLesbian Step Families
245 3 _bAn Ethnography of Love
260 _bTaylor and Francis
260 _c1998
365 _a
365 _b220
856 _uhttp://www.taylorfrancis.com/books/9781315809762
942 _cEBOOK
999 _c1806497
_d1806497